• 首页
  • 本馆介绍
  • 公告通知
  • 最新文献
  • 馆藏检索
  • 电子资源
  • 读者导购
  • 参考咨询
  • 我的图书馆
  • 登录
  • 详细信息显示
  • 放入我的书架
  • 预约/预借图书
  • 作者相关作品
  • 分类相关作品
  • 丛书相关作品
  • 出版社相关作品

书目信息

  • 表格格式
  • 工作单格式
  • 卡片格式
题名:
新文明的路标
    
 
作者: 万以诚 , 万岍 选编
分册:  
出版信息: 长春   吉林人民出版社  2005
页数: 391页
开本: 20cm
丛书名: 绿色经典文库
单 册:
中图分类: X-01
科图分类:
主题词: 环境保护--环境政策 , 环境政策
电子资源:
ISBN: 7-206-03413-6
000 00850nam0 2200253 45
001 0311140803
005 20070706165130.97
010    @a7-206-03413-6@dCNY30.30
100    @a20031114d2005 km y0chiy0120 ea
101 0  @achi
200 1  @a新文明的路标@AXin Wen Ming De Lu Biao@e人类绿色运动史上的经典文献@ERenLei Lu Se Yun Dong Shi Shang De Jing Dian Wen Xian@f万以诚,万岍选编@FWanYi Cheng,Wan Qian Xuan Bian
205    @a2版
210    @a长春@c吉林人民出版社@d2005
215    @a391页@d20cm
225    @a绿色经典文库
410    @12001 @a绿色经典文库
517    @a人类绿色运动史上的经典文献@ARen Lei Lu Se Yun Dong Shi Shang De Jing Dian Wen Xian
606 0  @a环境保护@x环境政策
606 0  @a环境政策
690    @aX-01@v3
701  0 @a万以诚@4选编
701  0 @a万岍@4选编
801    @aCN@bTSTC@c20070706
905    @b328151-155@dX-01@e46=2@f5
    
    新文明的路标:人类绿色运动史上的经典文献/万以诚,万岍选编.-2版.-长春:吉林人民出版社,2005
    391页;20cm.-(绿色经典文库)
    
    
    ISBN 7-206-03413-6:CNY30.30
    
●
相关链接 在E读中查询图书 在五车中查询图书 在当当中查询图书 在豆瓣中查询图书


正题名:新文明的路标     索取号:X-01/46=2         预约/预借

序号 登录号 条形码 馆藏地/架位号 状态 备注
1 0554753   205547531   第二样本阅览室/ [索取号:X-01/46=2] 在馆    
2 0554754   205547540   第三借阅区/ [索取号:X-01/46=2] 在馆    
3 0554755   205547559   第三借阅区/ [索取号:X-01/46=2] 在馆    
4 0554756   205547568   第三借阅区/ [索取号:X-01/46=2] 在馆    
5 0554757   205547577   第三借阅区/ [索取号:X-01/46=2] 在馆    
6 0554758   205547586   第三借阅区/ [索取号:X-01/46=2] 在馆    
7 0554759   205547595   第三借阅区/ [索取号:X-01/46=2] 在馆    
8 0554760   205547602   第三借阅区/ [索取号:X-01/46=2] 在馆    
唐山师范学院图书馆 欢迎您!
大连网信软件有限公司© 版权所有